|
|
|
|
| LEADER |
01044nam a2200265 a 4500 |
| 001 |
1711128 |
| 008 |
090715s1975 enk 000 0 eng d |
| 010 |
|
|
|a 70515739
|
| 020 |
|
|
|a 9780140186185
|
| 040 |
|
|
|a DLC
|c DLC
|d DLC
|
| 082 |
0 |
0 |
|a 861
|2 17
|
| 100 |
1 |
|
|a Neruda, Pablo,
|d 1904-1973.
|
| 240 |
1 |
0 |
|a Poems.
|l English & Spanish.
|k Selections
|
| 245 |
1 |
0 |
|a Selected poems /
|c edited by Nathaniel Tarn; translated by Anthony Kerrigan [and others].
|
| 260 |
|
|
|a London, :
|b Cape, ;
|b Penguin books,
|c 1975.
|
| 300 |
|
|
|a 237 p.
|c 23 cm.
|
| 490 |
1 |
|
|a Penguin Twentieth century classics.
|
| 500 |
|
|
|a Parallel Spanish text and English translation.
|
| 541 |
1 |
|
|e 00014263
|
| 600 |
1 |
0 |
|a Neruda, Pablo,
|d 1904-1973
|x Translations into English.
|
| 700 |
1 |
|
|a Tarn, Nathaniel,
|e ed.
|
| 700 |
1 |
|
|a Kerrigan, Anthony,
|e tr.
|
| 852 |
4 |
|
|a Ayesha Abed Library
|j General shelf
|
| 999 |
|
|
|c 2476
|d 2476
|
| 952 |
|
|
|0 0
|1 0
|2 ddc
|4 0
|6 861_NER
|7 0
|9 2292
|a BRACUL
|b BRACUL
|c GEN
|d 2009-07-16
|g 935.00
|l 20
|m 133
|o 861 NER
|p 3010014263
|q 2026-06-02
|r 2026-04-26
|s 2026-04-26
|t 1
|w 2009-07-16
|y BK
|